000 00729nam a22001937a 4500
999 _c3529
_d3529
003 DO-SdBJH
005 20180530050153.0
008 180509b ||||| |||| 00| 0 spa d
040 _aDO-SdBJH
_bspa
_cDO-SdBJH
082 _aRD 361.97293
_bS471p 1980
111 _aSeminario sobre Formulación de Políticas para la Niñez Dominicana
_cSanto Domingo
_d1980
_j1.
245 _aPrimer seminario sobre formulación de políticas para la niñez dominicana
260 _aSanto Domingo :
_bCONANI; Universidad Católica Madre y Maestra;
_c1980
300 _a383 páginas
_bil.:
490 _aColección estudios
_v57
650 4 _aNiños
_xAsistencia social
_zRepública Dominicana
650 4 _aNiños
_xLegislación
942 _2ddc
_cBK